| 000 | 00000nas 2200000za 4500 |
| 001 | 9.804973 |
| 003 | CaOODSP |
| 005 | 20250303104652 |
| 007 | cr ||||||||||| |
| 008 | 150406d19161924xxc x m o||||f0 |0eng|d |
| 040 | |aCaOODSP|beng |
| 043 | |an-cn--- |
| 086 | 1 |aA54-5E-PDF |
| 245 | 00|aExhibition circular |h[electronic resource] / |cDominion Experimental Farms. |
| 260 | |aOttawa : |bDominion of Canada, Department of Agriculture, |c1916-1924. |
| 300 | |a108 v. : |bill. |
| 362 | 0 |aNo. 1 (1916) - no. 108 (1924). |
| 500 | |aHistorical publications digitized by Agriculture and Agri-Food Canada. |
| 515 | |aSome nos. issued in revised editions. |
| 692 | 07|2gccst|aAgriculture |
| 710 | 1 |aCanada. |bDepartment of Agriculture. |
| 710 | 2 |aDominion Experimental Farms and Stations (Canada) |